[Event "PRAGUE OPEN 2020 - A - IM open"]
[Site "Praha, Olympik hotel"]
[Date "2020.01.11"]
[Round "2"]
[White "LAKSHYESH, Mohan Gupta"]
[Black "TOMAN, Jan"]
[Result "0-1"]
[WhiteElo "1757"]
[BlackElo "2101"]
[PlyCount "68"]
[EventDate "2020.01.10"]

1. e4 e6 2. d4 d5 3. e5 c5 4. c3 Nc6 5. Nf3 Qb6 6. Bd3 Bd7 7. Bc2 cxd4 8. cxd4
Nb4 9. O-O Nxc2 10. Qxc2 Rc8 11. Nc3 Ne7 12. Qd1 Rc4 13. Bd2 Nf5 14. b3 Rc8 15.
Rc1 Ba3 16. Na4 Qd8 17. Rxc8 Qxc8 18. Bc1 Bb4 19. Bd2 Bxd2 20. Qxd2 Bxa4 21.
bxa4 O-O 22. Qg5 Qc4 23. g4 Nxd4 24. Nxd4 Qxd4 25. Kh1 Qxa4 26. f4 Qe4+ 27. Kg1
d4 28. h4 Rc8 29. Qe7 h6 30. Qa3 d3 31. Qxa7 Rc2 32. Rf2 Qe1+ 33. Kg2 Rxf2+ 34.
Qxf2 d2 0-1

[Event "PRAGUE OPEN 2020 - A - IM open"]
[Site "Praha, Olympik hotel"]
[Date "2020.01.11"]
[Round "2"]
[White "KALVACH, Ladislav"]
[Black "BRHEL, Jan"]
[Result "1/2-1/2"]
[WhiteElo "1734"]
[BlackElo "2056"]
[PlyCount "32"]
[EventDate "2020.01.10"]

1. c4 c6 2. Nc3 d5 3. e3 Nf6 4. d4 e6 5. Nf3 Nbd7 6. Bd3 dxc4 7. Bxc4 b5 8. Bd3
a6 9. O-O Bb7 10. e4 c5 11. d5 e5 12. b3 Be7 13. Bb2 O-O 14. a4 bxa4 15. Nxa4
Qb8 16. Re1 Re8 1/2-1/2

[Event "PRAGUE OPEN 2020 - A - IM open"]
[Site "Praha, Olympik hotel"]
[Date "2020.01.11"]
[Round "2"]
[White "AIRD, Ian"]
[Black "ALQUIST, Erik"]
[Result "0-1"]
[WhiteElo "1857"]
[BlackElo "2042"]
[PlyCount "48"]
[EventDate "2020.01.10"]

1. d4 Nf6 2. Bf4 d5 3. e3 c5 4. c3 Nc6 5. Nd2 e6 6. Bd3 Bd6 7. Bxd6 Qxd6 8. f4
Bd7 9. Ngf3 cxd4 10. cxd4 Nb4 11. Bb1 Bb5 12. Qb3 Ba6 13. Ne5 O-O 14. a3 Nc6
15. Kf2 Rac8 16. Ba2 Nd7 17. Qa4 Nb6 18. Qd1 Nxe5 19. fxe5 Qe7 20. Re1 f6 21.
Nf3 fxe5 22. dxe5 Nc4 23. Qd4 Qg5 24. Kg1 Rxf3 0-1

[Event "PRAGUE OPEN 2020 - A - IM open"]
[Site "Praha, Olympik hotel"]
[Date "2020.01.11"]
[Round "2"]
[White "STEPANEK, Svatopluk"]
[Black "TESAR, Jan"]
[Result "0-1"]
[WhiteElo "1850"]
[BlackElo "2001"]
[PlyCount "80"]
[EventDate "2020.01.10"]

1. d4 d5 2. Bf4 Nf6 3. e3 e6 4. h3 Bd6 5. Bd3 c5 6. dxc5 Bxf4 7. exf4 Qc7 8.
Ne2 O-O 9. O-O Qxc5 10. Nbc3 b6 11. Nd4 Nbd7 12. Nf3 Bb7 13. Qe2 Qb4 14. Qe3
Rac8 15. Rab1 Qd6 16. Nb5 Qb8 17. Ne5 Nc5 18. Be2 Rfe8 19. c3 Nfe4 20. Rfe1 f6
21. Nd3 a6 22. Nd4 Qd6 23. Bg4 Nxd3 24. Qxd3 f5 25. Bd1 Qxf4 26. Qe3 Qxe3 27.
Rxe3 Kf7 28. Bc2 g6 29. f3 e5 30. Nxf5 gxf5 31. fxe4 dxe4 32. Bb3+ Kf6 33. Rf1
Rcd8 34. Re2 Kg5 35. Ref2 f4 36. Rd1 Rxd1+ 37. Bxd1 e3 38. Rf1 Rd8 39. b3 Rd2
40. Re1 Rxg2+ 0-1

[Event "PRAGUE OPEN 2020 - A - IM open"]
[Site "Praha, Olympik hotel"]
[Date "2020.01.11"]
[Round "2"]
[White "HAUKSDOTTIR, Hrund"]
[Black "MINDL, Josef"]
[Result "0-1"]
[WhiteElo "1835"]
[BlackElo "1990"]
[PlyCount "54"]
[EventDate "2020.01.10"]

1. e4 c5 2. Nf3 Nc6 3. d4 cxd4 4. Nxd4 Nf6 5. Nc3 e5 6. Ndb5 d6 7. Bg5 a6 8.
Na3 b5 9. Bxf6 gxf6 10. Nd5 Bg7 11. Bd3 Ne7 12. Qf3 Nxd5 13. exd5 O-O 14. O-O
e4 15. Qxe4 f5 16. Qb4 Qf6 17. c3 Bb7 18. Rad1 Rfe8 19. Nc2 f4 20. f3 Re5 21.
c4 Rh5 22. Qe1 Qh6 23. h3 Bf6 24. Rd2 Kh8 25. Qe2 Rg8 26. Qd1 Rxh3 27. Kf2 Bh4+
0-1

[Event "PRAGUE OPEN 2020 - A - IM open"]
[Site "Praha, Olympik hotel"]
[Date "2020.01.11"]
[Round "2"]
[White "WULFF, Joerg"]
[Black "TURKOVA, Karolina"]
[Result "1/2-1/2"]
[WhiteElo "1833"]
[BlackElo "1981"]
[PlyCount "25"]
[EventDate "2020.01.10"]

1. e4 e5 2. Nf3 Nc6 3. Bc4 Nf6 4. Qe2 Bc5 5. c3 d6 6. d3 O-O 7. Nbd2 a6 8. Bb3
Bg4 9. h3 Be6 10. Nf1 Qe7 11. g4 Rad8 12. Ng3 d5 13. O-O 1/2-1/2

[Event "PRAGUE OPEN 2020 - A - IM open"]
[Site "Praha, Olympik hotel"]
[Date "2020.01.11"]
[Round "2"]
[White "PLASIL, Petr"]
[Black "KOPER, Stefan"]
[Result "1-0"]
[WhiteElo "1978"]
[BlackElo "1823"]
[PlyCount "43"]
[EventDate "2020.01.10"]

1. d4 e6 2. c4 Nf6 3. Nc3 Bb4 4. Bg5 h6 5. Bxf6 Qxf6 6. Rc1 O-O 7. Nf3 d5 8. e3
c6 9. g3 Ba5 10. Be2 a6 11. O-O b5 12. b4 Bb6 13. cxd5 cxd5 14. a4 bxa4 15.
Nxa4 Nd7 16. Ne5 Qd8 17. Rxc8 Qxc8 18. Nxd7 Qxd7 19. Nxb6 Qb7 20. Nxa8 Rxa8 21.
Qa4 Qb6 22. b5 1-0

[Event "PRAGUE OPEN 2020 - B - FIDE open"]
[Site "Praha, Olympik hotel"]
[Date "2020.01.11"]
[Round "2"]
[White "HESTHOLM, Gustav"]
[Black "PACL, Vaclav"]
[Result "1/2-1/2"]
[WhiteElo "1641"]
[BlackElo "2042"]
[PlyCount "56"]
[EventDate "2020.01.10"]

1. e4 d5 2. exd5 Qxd5 3. Nc3 Qd8 4. d4 Nf6 5. Nf3 g6 6. Bc4 Bg7 7. O-O O-O 8.
h3 a6 9. a4 Nc6 10. Be3 b6 11. Qd2 Bb7 12. Rad1 e6 13. Rfe1 Ne7 14. Ne5 Ned5
15. Bg5 Qd6 16. Bh4 Rfe8 17. Bg3 Qf8 18. Qe2 Nxc3 19. bxc3 Ne4 20. Rd3 Nd6 21.
Bb3 Rac8 22. Nc4 Nxc4 23. Bxc4 c5 24. Rdd1 cxd4 25. Bxa6 Bxa6 26. Qxa6 Qc5 27.
cxd4 Bxd4 28. Re2 Bf6 1/2-1/2

[Event "PRAGUE OPEN 2020 - B - FIDE open"]
[Site "Praha, Olympik hotel"]
[Date "2020.01.11"]
[Round "2"]
[White "KORENEK, Frantisek"]
[Black "BRIDGEMAN, Niamh"]
[Result "0-1"]
[WhiteElo "1944"]
[BlackElo "1623"]
[PlyCount "57"]
[EventDate "2020.01.10"]

1. c4 f5 2. Nc3 Nf6 3. d4 e6 4. g3 Be7 5. Bg2 d6 6. Nf3 O-O 7. O-O Ne4 8. Qc2
Nxc3 9. Qxc3 a5 10. a3 a4 11. Qc2 Nc6 12. Bd2 Bf6 13. Bc3 e5 14. dxe5 dxe5 15.
e4 Be6 16. Bb4 Be7 17. Bxe7 Qxe7 18. exf5 Bxf5 19. Qc3 Rae8 20. Nh4 Bd7 21. Be4
Bh3 22. Rfe1 Qf6 23. Qe3 Nd4 24. c5 g5 25. Ng2 Bf5 26. Rf1 Bxe4 27. Qxe4 Nf3+
28. Kh1 Qe6 29. Nf4 0-1

[Event "PRAGUE OPEN 2020 - B - FIDE open"]
[Site "Praha, Olympik hotel"]
[Date "2020.01.11"]
[Round "2"]
[White "PALKA, Miroslav"]
[Black "DUNDALEK, Jozef"]
[Result "1-0"]
[WhiteElo "1860"]
[BlackElo "1604"]
[PlyCount "55"]
[EventDate "2020.01.10"]

1. c4 Nf6 2. Nc3 d5 3. d4 e6 4. Bf4 a6 5. e3 Be7 6. Nf3 Nh5 7. Bg3 Nxg3 8. hxg3
c6 9. Bd3 g6 10. Qc2 Bf6 11. cxd5 exd5 12. O-O-O Bg4 13. Rh2 Nd7 14. Rdh1 Nf8
15. Re1 Bxf3 16. gxf3 Ne6 17. f4 Qd6 18. Reh1 Nf8 19. f5 O-O-O 20. fxg6 fxg6
21. Na4 Re8 22. Nc5 Re7 23. Qb3 Rg7 24. Kb1 Qe7 25. Bf1 g5 26. Bd3 Kd8 27. Bxa6
bxa6 28. Qb8# 1-0

[Event "PRAGUE OPEN 2020 - B - FIDE open"]
[Site "Praha, Olympik hotel"]
[Date "2020.01.11"]
[Round "2"]
[White "TREFILIK, Jiri"]
[Black "BJORNES, Leif"]
[Result "1/2-1/2"]
[WhiteElo "1585"]
[BlackElo "1857"]
[PlyCount "56"]
[EventDate "2020.01.10"]

1. e4 c6 2. d4 d5 3. e5 Bf5 4. h4 h5 5. Ne2 e6 6. Ng3 Bg6 7. Be2 c5 8. c3 Nc6
9. Bxh5 Bxh5 10. Nxh5 g6 11. Ng3 Rxh4 12. Rxh4 Qxh4 13. Be3 Bh6 14. Bxh6 Nxh6
15. Na3 a6 16. Qb3 O-O-O 17. O-O-O cxd4 18. cxd4 Qf4+ 19. Qe3 Qxe3+ 20. fxe3
Ng4 21. Nc2 Rh8 22. Rh1 Rxh1+ 23. Nxh1 Ne7 24. Ng3 Nf5 25. Nxf5 gxf5 26. Kd2
Kd7 27. Ne1 Nf2 28. Ke2 Ne4 1/2-1/2

[Event "PRAGUE OPEN 2020 - B - FIDE open"]
[Site "Praha, Olympik hotel"]
[Date "2020.01.11"]
[Round "2"]
[White "STODOLA, Zdenek"]
[Black "LOIBL, Johann"]
[Result "1/2-1/2"]
[WhiteElo "1523"]
[BlackElo "1817"]
[PlyCount "25"]
[EventDate "2020.01.10"]

1. d4 Nf6 2. c4 e5 3. dxe5 Ng4 4. Nc3 Bc5 5. e3 Nxe5 6. Nf3 Nbc6 7. Be2 d6 8.
O-O O-O 9. Na4 Bb6 10. Nxb6 axb6 11. Bd2 Be6 12. b3 Qe7 13. Nd4 1/2-1/2

[Event "PRAGUE OPEN 2020 - B - FIDE open"]
[Site "Praha, Olympik hotel"]
[Date "2020.01.11"]
[Round "2"]
[White "SIMKIN, Alexander"]
[Black "AKERMAN, Jan"]
[Result "1-0"]
[WhiteElo "1815"]
[BlackElo "1543"]
[PlyCount "55"]
[EventDate "2020.01.10"]

1. Nf3 Nf6 2. d4 d5 3. c4 e6 4. Nc3 g6 5. e3 Bg7 6. Bd3 Nc6 7. O-O O-O 8. a3 a6
9. Ne5 Nxe5 10. dxe5 Nd7 11. f4 dxc4 12. Bxc4 b5 13. Qf3 Rb8 14. Be2 Bb7 15.
Qg3 Nc5 16. b4 Ne4 17. Nxe4 Bxe4 18. Rd1 Qe7 19. Bb2 Rfd8 20. Bd4 Bf8 21. Rac1
Rbc8 22. Bf3 Bd5 23. Bxd5 exd5 24. f5 Qd7 25. Rf1 Bg7 26. e6 fxe6 27. f6 Bf8
28. f7+ 1-0

[Event "PRAGUE OPEN 2020 - B - FIDE open"]
[Site "Praha, Olympik hotel"]
[Date "2020.01.11"]
[Round "2"]
[White "FORD, Clifton P"]
[Black "ZACEK, Petr"]
[Result "1/2-1/2"]
[WhiteElo "1803"]
[BlackElo "1523"]
[PlyCount "26"]
[EventDate "2020.01.10"]

1. d4 Nf6 2. c4 e6 3. g3 Bb4+ 4. Bd2 Bxd2+ 5. Qxd2 d5 6. Bg2 O-O 7. Nf3 Nbd7 8.
O-O c5 9. cxd5 exd5 10. Nc3 cxd4 11. Nxd4 Nb6 12. Rfc1 Be6 13. Ncb5 Nc4 1/2-1/2

[Event "PRAGUE OPEN 2020 - B - FIDE open"]
[Site "Praha, Olympik hotel"]
[Date "2020.01.11"]
[Round "2"]
[White "LANG, Anders"]
[Black "FRAJT, Tomas"]
[Result "1-0"]
[WhiteElo "1790"]
[BlackElo "1505"]
[PlyCount "25"]
[EventDate "2020.01.10"]

1. e4 c5 2. c3 Nc6 3. d4 cxd4 4. cxd4 d5 5. exd5 Qxd5 6. Nf3 Bg4 7. Nc3 Qa5 8.
d5 Ne5 9. Bb5+ Nd7 10. Bxd7+ Kxd7 11. Ne5+ Kd6 12. Qxg4 Kxe5 13. Qf4# 1-0

[Event "PRAGUE OPEN 2020 - B - FIDE open"]
[Site "Praha, Olympik hotel"]
[Date "2020.01.11"]
[Round "2"]
[White "LU, Miaoyi"]
[Black "CHUGUNOV, Arkadij"]
[Result "1-0"]
[WhiteElo "1734"]
[BlackElo "1080"]
[PlyCount "33"]
[EventDate "2020.01.10"]

1. d4 Nf6 2. c4 e5 3. dxe5 Ng4 4. e3 Nxe5 5. f4 Nec6 6. Nf3 Bb4+ 7. Bd2 d5 8.
Bxb4 Nxb4 9. a3 N4c6 10. cxd5 Ne7 11. Nc3 O-O 12. Bd3 Nxd5 13. Nxd5 g6 14. Nc3
Bf5 15. Bxf5 Qxd1+ 16. Rxd1 gxf5 17. Nd4 1-0

[Event "PRAGUE OPEN 2020 - B - FIDE open"]
[Site "Praha, Olympik hotel"]
[Date "2020.01.11"]
[Round "2"]
[White "KISELEVA, Elizaveta"]
[Black "JUNGES-STAINTHORPE, Remi Jm"]
[Result "1-0"]
[WhiteElo "1668"]
[BlackElo "1000"]
[PlyCount "61"]
[EventDate "2020.01.10"]

1. e4 d5 2. exd5 Qxd5 3. Nc3 Qa5 4. d4 c6 5. Nf3 Bg4 6. Be2 e6 7. h3 Bh5 8. O-O
Be7 9. Ne5 Bg6 10. Nxg6 hxg6 11. Ne4 Nd7 12. Bf4 Ngf6 13. Nd6+ Bxd6 14. Bxd6
Ne4 15. Bf4 g5 16. Be3 Ndf6 17. Bf3 O-O-O 18. Qd3 Nc5 19. Qc4 Nce4 20. b4 Qf5
21. b5 Nd6 22. Qa4 Nxb5 23. c4 Nxd4 24. Bxd4 Rxd4 25. Qxa7 Rdh4 26. Rab1 Rxh3
27. Qxb7+ Kd8 28. gxh3 Qxh3 29. Rfd1+ Nd5 30. Bg2 Qh2+ 31. Kf1 1-0

[Event "PRAGUE OPEN 2020 - A - IM open"]
[Site "?"]
[Date "2020.01.11"]
[Round "3"]
[White "Chyzy, Jakub"]
[Black "Cernousek, Lukas"]
[Result "0-1"]
[BlackElo "2447"]
[WhiteElo "2291"]
[LiveChessVersion "1.4.8"]

1. e4 {[%clk 1:30:59]} c6 {[%clk 1:30:55]} 2. d4 {[%clk 1:31:19]} d5
{[%clk 1:31:18]} 3. e5 {[%clk 1:31:41]} Bf5 {[%clk 1:31:42]} 4. Nf3
{[%clk 1:32:04]} e6 {[%clk 1:32:03]} 5. a3 {[%clk 1:32:29]} Nd7 {[%clk 1:30:51]}
6. Be2 {[%clk 1:32:27]} Ne7 {[%clk 1:31:13]} 7. O-O {[%clk 1:32:22]} h6
{[%clk 1:31:33]} 8. Nbd2 {[%clk 1:31:12]} g5 {[%clk 1:31:51]} 9. Ne1
{[%clk 1:26:36]} c5 {[%clk 1:20:07]} 10. c3 {[%clk 1:24:40]} Qc7 {[%clk 1:03:30]}
11. b4 {[%clk 1:16:26]} c4 {[%clk 0:57:44]} 12. a4 {[%clk 1:11:14]} O-O-O
{[%clk 0:55:53]} 13. Nc2 {[%clk 0:54:21]} Bg7 {[%clk 0:49:04]} 14. b5
{[%clk 0:50:44]} Nxe5 {[%clk 0:38:53]} 15. dxe5 {[%clk 0:50:45]} Bxe5
{[%clk 0:39:21]} 16. Nd4 {[%clk 0:44:41]} Bxh2+ {[%clk 0:39:48]} 17. Kh1
{[%clk 0:45:05]} Bd6 {[%clk 0:35:31]} 18. a5 {[%clk 0:42:38]} Qd7
{[%clk 0:28:02]} 19. Nxf5 {[%clk 0:27:18]} Nxf5 {[%clk 0:28:22]} 20. b6
{[%clk 0:27:17]} a6 {[%clk 0:27:22]} 21. Qa4 {[%clk 0:23:26]} Qxa4
{[%clk 0:22:43]} 22. Rxa4 {[%clk 0:23:50]} Be5 {[%clk 0:23:09]} 23. Bb2
{[%clk 0:16:48]} Nd6 {[%clk 0:20:04]} 24. Raa1 {[%clk 0:15:26]} h5
{[%clk 0:18:47]} 25. Rae1 {[%clk 0:09:53]} Bg7 {[%clk 0:12:17]} 26. Bd1
{[%clk 0:07:55]} g4 {[%clk 0:08:54]} 27. Nb1 {[%clk 0:05:50]} Rh6
{[%clk 0:04:58]} 28. Bc1 {[%clk 0:05:39]} Rg6 {[%clk 0:05:26]} 29. Bc2
{[%clk 0:05:20]} f5 {[%clk 0:05:53]} 30. Bf4 {[%clk 0:04:06]} Kd7
{[%clk 0:05:26]} 31. Re3 {[%clk 0:01:58]} Bh6 32. Bxh6 {[%clk 0:01:44]} Rxh6
{[%clk 0:04:11]} 33. Rfe1 {[%clk 0:01:10]} Rc8 {[%clk 0:03:53]} 34. Nd2
{[%clk 0:00:51]} Rc5 {[%clk 0:04:18]} 35. Ra1 {[%clk 0:00:44]} Ke7
{[%clk 0:04:31]} 36. Kh2 {[%clk 0:00:37]} Rb5 {[%clk 0:01:51]} 37. Re2
{[%clk 0:00:36]} Rb2 {[%clk 0:01:15]} 38. Bd1 {[%clk 0:00:40]} Nb5
{[%clk 0:01:16]} 39. Nb1 {[%clk 0:00:36]} Rxb1 {[%clk 0:00:46]} 40. Rxb1
{[%clk 0:00:56]} Nxc3 {[%clk 0:01:11]} 41. Rc1 {[%clk 0:00:51]} Nxe2
{[%clk 0:28:21]} 42. Bxe2 {[%clk 0:31:17]} Kd6 {[%clk 0:26:19]} 43. Kg3
{[%clk 0:26:46]} h4+ {[%clk 0:25:44]} 44. Kh2 {[%clk 0:25:18]} h3
{[%clk 0:06:34]} 45. f3 {[%clk 0:20:04]} hxg2+ {[%clk 0:06:37]} 46. Kxg2
{[%clk 0:20:29]} gxf3+ {[%clk 0:06:53]} 47. Bxf3 {[%clk 0:20:15]} Kc5
{[%clk 0:06:27]} 48. Rd1 {[%clk 0:19:27]} Kb4 {[%clk 0:04:19]} 49. Ra1
{[%clk 0:18:04]} Rh8 {[%clk 0:02:56]} 50. Kg3 {[%clk 0:15:21]} c3
{[%clk 0:02:17]} 51. Rc1 {[%clk 0:11:03]} Rc8 {[%clk 0:02:14]} 52. Kf4
{[%clk 0:11:18]} Kxa5 {[%clk 0:02:15]} 53. Ke5 {[%clk 0:11:29]} Rc6
{[%clk 0:02:26]} 54. Kd4 {[%clk 0:11:03]} c2 {[%clk 0:02:03]} 55. Be2
{[%clk 0:10:44]} Kb4 {[%clk 0:01:07]} 56. Bxa6 {[%clk 0:10:10]} Kb3
{[%clk 0:00:49]} 57. Bd3 {[%clk 0:09:37]} Kb2 {[%clk 0:00:57]} 58. Rxc2+
{[%clk 0:10:00]} Rxc2 {[%clk 0:01:22]} 59. Bxc2 {[%clk 0:10:27]} Kxc2
{[%clk 0:01:47]} 60. Ke5 {[%clk 0:10:47]} f4 {[%clk 0:02:13]} 0-1

[Event "PRAGUE OPEN 2020 - A - IM open"]
[Site "?"]
[Date "2020.01.11"]
[Round "3"]
[White "Hrbek, Stepan"]
[Black "Peng, Hongchi"]
[Result "0-1"]
[BlackElo "2362"]
[WhiteElo "2126"]
[LiveChessVersion "1.4.8"]

1. e4 {[%clk 1:30:54]} c5 {[%clk 1:30:48]} 2. Nf3 {[%clk 1:31:16]} e6
{[%clk 1:31:12]} 3. d4 {[%clk 1:31:35]} cxd4 {[%clk 1:31:37]} 4. Nxd4
{[%clk 1:31:57]} Nc6 {[%clk 1:32:03]} 5. Nc3 {[%clk 1:32:19]} Qc7
{[%clk 1:32:28]} 6. Be2 {[%clk 1:32:18]} a6 {[%clk 1:32:52]} 7. O-O
{[%clk 1:32:41]} Nf6 {[%clk 1:33:13]} 8. Be3 {[%clk 1:33:02]} b5 {[%clk 1:32:45]}
9. Nxc6 {[%clk 1:33:06]} dxc6 {[%clk 1:33:00]} 10. f4 {[%clk 1:32:47]} b4
{[%clk 1:24:24]} 11. Na4 {[%clk 1:28:00]} Rb8 {[%clk 1:24:43]} 12. Bf3
{[%clk 1:25:54]} Be7 {[%clk 1:24:54]} 13. b3 {[%clk 1:25:18]} O-O
{[%clk 1:24:54]} 14. Nb2 {[%clk 1:25:06]} a5 {[%clk 1:17:34]} 15. Nc4
{[%clk 1:22:54]} Ba6 {[%clk 1:17:43]} 16. Qe1 {[%clk 1:22:13]} Bxc4
{[%clk 1:12:08]} 17. bxc4 {[%clk 1:22:31]} Nd7 {[%clk 1:11:54]} 18. Qe2
{[%clk 1:09:36]} Bc5 {[%clk 1:11:56]} 19. Bxc5 {[%clk 1:01:53]} Nxc5
{[%clk 1:12:21]} 20. e5 {[%clk 1:02:19]} Rfd8 {[%clk 1:06:42]} 21. Qe3
{[%clk 0:53:22]} Nd7 {[%clk 0:57:47]} 22. Rfd1 {[%clk 0:41:45]} Qb6
{[%clk 0:45:50]} 23. Qxb6 {[%clk 0:40:44]} Nxb6 {[%clk 0:46:12]} 24. Bxc6
{[%clk 0:41:05]} Nxc4 {[%clk 0:46:18]} 25. Kf2 {[%clk 0:29:10]} Rdc8
{[%clk 0:44:00]} 26. Be4 {[%clk 0:28:11]} Rc7 {[%clk 0:43:42]} 27. Rd4
{[%clk 0:21:05]} Kf8 {[%clk 0:42:19]} 28. Rad1 {[%clk 0:21:16]} Ke7
{[%clk 0:42:11]} 29. Ke2 {[%clk 0:19:15]} Na3 {[%clk 0:41:53]} 30. Kd2
{[%clk 0:13:48]} Nb5 {[%clk 0:38:31]} 31. Rd3 {[%clk 0:14:11]} Nc3
{[%clk 0:36:27]} 32. Re1 {[%clk 0:14:37]} Rbc8 {[%clk 0:33:56]} 33. Bf3
{[%clk 0:12:16]} Nxa2 {[%clk 0:33:36]} 34. Bd1 {[%clk 0:12:37]} Nc3
{[%clk 0:32:29]} 35. Bf3 {[%clk 0:13:01]} Na4 {[%clk 0:23:11]} 36. Rc1
{[%clk 0:11:32]} Nb2 {[%clk 0:23:03]} 37. Rb3 {[%clk 0:11:11]} Nc4+
{[%clk 0:23:16]} 38. Kd1 {[%clk 0:11:27]} Rd8+ {[%clk 0:16:13]} 39. Ke2
{[%clk 0:10:00]} Na3 {[%clk 0:16:19]} 40. Be4 {[%clk 0:10:24]} Nb5
{[%clk 0:16:34]} 41. Rd3 {[%clk 0:09:16]} b3 {[%clk 0:13:54]} 42. Rxd8 Kxd8
{[%clk 0:14:22]} 43. Kd3 {[%clk 0:07:52]} b2 {[%clk 0:14:29]} 44. Rb1
{[%clk 0:08:13]} Rd7+ {[%clk 0:14:50]} 45. Kd4 0-1

[Event "PRAGUE OPEN 2020 - A - IM open"]
[Site "?"]
[Date "2020.01.11"]
[Round "3"]
[White "Smolik, Jachym"]
[Black "Domogaev, Sergey"]
[Result "0-1"]
[BlackElo "2334"]
[WhiteElo "2025"]
[LiveChessVersion "1.4.8"]

1. e4 {[%clk 1:30:59]} c5 {[%clk 1:30:30]} 2. Nc3 {[%clk 1:31:25]} Nc6
{[%clk 1:30:55]} 3. Bb5 {[%clk 1:31:51]} g6 {[%clk 1:31:16]} 4. Nge2
{[%clk 1:31:22]} Bg7 {[%clk 1:31:40]} 5. Bxc6 {[%clk 1:31:42]} dxc6
{[%clk 1:31:50]} 6. d3 {[%clk 1:32:04]} Nf6 {[%clk 1:30:56]} 7. O-O
{[%clk 1:32:00]} O-O {[%clk 1:30:52]} 8. Be3 {[%clk 1:29:49]} b6 {[%clk 1:31:15]}
9. h3 {[%clk 1:29:37]} e5 {[%clk 1:31:21]} 10. f4 {[%clk 1:17:25]} exf4
{[%clk 1:31:37]} 11. Bxf4 {[%clk 1:16:33]} Re8 {[%clk 1:19:45]} 12. Ng3
{[%clk 1:07:35]} Nd7 {[%clk 1:08:56]} 13. Qf3 {[%clk 1:05:39]} Qe7
{[%clk 1:06:48]} 14. Nge2 {[%clk 1:00:29]} Nf8 {[%clk 1:02:52]} 15. Kh1
{[%clk 0:51:14]} Ne6 {[%clk 1:03:05]} 16. Bh2 {[%clk 0:51:30]} Nd4
{[%clk 0:54:37]} 17. Nxd4 {[%clk 0:51:46]} cxd4 {[%clk 0:55:00]} 18. Ne2
{[%clk 0:51:47]} Rf8 {[%clk 0:55:13]} 19. Rae1 {[%clk 0:43:57]} Bb7
{[%clk 0:52:05]} 20. Qg3 {[%clk 0:37:02]} Rad8 {[%clk 0:49:28]} 21. Nf4
{[%clk 0:35:51]} Qd7 {[%clk 0:46:37]} 22. h4 {[%clk 0:32:36]} Bc8
{[%clk 0:30:43]} 23. Rf3 {[%clk 0:27:19]} Rde8 {[%clk 0:27:04]} 24. Qf2
{[%clk 0:25:20]} Qe7 {[%clk 0:21:42]} 25. Nh3 {[%clk 0:22:27]} Bg4
{[%clk 0:19:35]} 26. Rf4 {[%clk 0:21:09]} Bxh3 {[%clk 0:18:35]} 27. gxh3
{[%clk 0:21:37]} Qe6 {[%clk 0:18:58]} 28. Rf3 {[%clk 0:20:06]} h5
{[%clk 0:18:18]} 29. Rf1 {[%clk 0:18:41]} c5 {[%clk 0:15:52]} 30. b3
{[%clk 0:18:42]} Qd7 {[%clk 0:15:53]} 31. Qg2 {[%clk 0:17:29]} Re6
{[%clk 0:16:05]} 32. Qg5 {[%clk 0:17:02]} Qe8 {[%clk 0:08:47]} 33. Qd5
{[%clk 0:15:15]} Be5 {[%clk 0:05:23]} 34. Bxe5 {[%clk 0:14:25]} Rxe5
{[%clk 0:05:49]} 35. Qb7 {[%clk 0:14:49]} Qe7 {[%clk 0:05:38]} 36. Qxe7 Rxe7
{[%clk 0:06:03]} 37. Rf6 {[%clk 0:13:59]} Kg7 {[%clk 0:06:26]} 38. Kg2
{[%clk 0:13:31]} Rd8 {[%clk 0:06:22]} 39. Kg3 {[%clk 0:13:01]} Rdd7
{[%clk 0:06:42]} 40. R1f2 {[%clk 0:08:53]} Re5 {[%clk 0:06:33]} 41. R2f3
{[%clk 0:05:24]} Rde7 {[%clk 0:06:51]} 42. Rf2 {[%clk 0:04:38]} R5e6
{[%clk 0:07:08]} 43. Rxe6 {[%clk 0:04:20]} Rxe6 {[%clk 0:07:33]} 44. Rf1
{[%clk 0:29:16]} b5 {[%clk 0:36:35]} 45. Rd1 {[%clk 0:27:33]} Ra6
{[%clk 0:34:27]} 46. Ra1 {[%clk 0:27:43]} Kf6 {[%clk 0:34:28]} 47. Kf4
{[%clk 0:26:45]} Ra3 {[%clk 0:34:04]} 48. e5+ {[%clk 0:26:36]} Ke6
{[%clk 0:34:30]} 49. Ke4 {[%clk 0:27:00]} a5 {[%clk 0:34:34]} 50. Rf1
{[%clk 0:22:35]} Rxa2 {[%clk 0:34:55]} 51. Rf6+ {[%clk 0:23:04]} Ke7
{[%clk 0:35:10]} 52. Rb6 {[%clk 0:23:04]} b4 {[%clk 0:33:41]} 53. Rb5
{[%clk 0:22:28]} Rxc2 {[%clk 0:33:58]} 54. Rxa5 Ke6 {[%clk 0:21:56]} 55. Ra6+
{[%clk 0:22:56]} Kd7 {[%clk 0:22:19]} 56. Kd5 {[%clk 0:21:47]} Ke7
{[%clk 0:19:17]} 57. Ra7+ {[%clk 0:21:02]} Kf8 {[%clk 0:19:25]} 58. Ra8+
{[%clk 0:19:55]} Kg7 {[%clk 0:19:50]} 59. Ra7 {[%clk 0:20:14]} Re2
{[%clk 0:08:45]} 60. Kxc5 {[%clk 0:18:07]} Rxe5+ {[%clk 0:09:09]} 61. Kxb4
{[%clk 0:12:13]} Re3 {[%clk 0:07:07]} 62. Kc4 {[%clk 0:12:37]} Rxh3
{[%clk 0:07:32]} 63. b4 {[%clk 0:12:36]} Rxh4 {[%clk 0:07:50]} 64. b5
{[%clk 0:13:00]} Rh1 {[%clk 0:08:18]} 65. Ra3 {[%clk 0:05:03]} Rb1
{[%clk 0:07:45]} 66. Rb3 {[%clk 0:04:47]} Rxb3 {[%clk 0:07:57]} 67. Kxb3
{[%clk 0:05:15]} h4 {[%clk 0:08:17]} 68. b6 {[%clk 0:05:44]} h3 {[%clk 0:08:43]}
69. b7 {[%clk 0:06:06]} h2 {[%clk 0:09:11]} 70. b8=Q {[%clk 0:06:24]} h1=Q
{[%clk 0:09:29]} 71. Qe5+ {[%clk 0:06:37]} Kh7 {[%clk 0:08:10]} 72. Qxd4
{[%clk 0:05:48]} g5 {[%clk 0:06:44]} 73. Qf6 {[%clk 0:02:18]} Qh5
{[%clk 0:06:14]} 74. d4 {[%clk 0:01:09]} Qg6 {[%clk 0:06:32]} 75. Qf2 g4
{[%clk 0:06:09]} 76. Qg3 {[%clk 0:00:42]} Qe4 {[%clk 0:05:09]} 77. Kc4
{[%clk 0:00:37]} Kg6 {[%clk 0:05:06]} 78. Kc5 {[%clk 0:00:42]} Qe7+ 79. Kc6
{[%clk 0:00:35]} Qe8+ {[%clk 0:03:35]} 80. Kc7 Qe7+ {[%clk 0:03:14]} 81. Kc6
{[%clk 0:00:57]} Qe6+ {[%clk 0:03:36]} 82. Kc5 {[%clk 0:01:18]} Qc8+ 83. Kb6
{[%clk 0:00:53]} Qe6+ {[%clk 0:01:49]} 84. Kc5 {[%clk 0:01:17]} Qf5+
{[%clk 0:02:02]} 85. d5 {[%clk 0:01:41]} Qf3 {[%clk 0:02:26]} 86. Qxf3
{[%clk 0:00:47]} gxf3 {[%clk 0:02:47]} 87. d6 {[%clk 0:01:13]} f2
{[%clk 0:02:57]} 88. d7 {[%clk 0:01:41]} f1=Q {[%clk 0:03:18]} 89. d8=Q
{[%clk 0:02:08]} f5 {[%clk 0:02:36]} 90. Qg8+ {[%clk 0:02:16]} Kh5
{[%clk 0:02:51]} 91. Kd4 {[%clk 0:00:41]} Qf4+ {[%clk 0:03:03]} 92. Kd3
{[%clk 0:00:57]} Qe4+ {[%clk 0:03:31]} 93. Kd2 {[%clk 0:00:56]} Kh4
{[%clk 0:03:36]} 94. Qg1 {[%clk 0:00:37]} Kh3 {[%clk 0:03:35]} 95. Qg7
{[%clk 0:00:35]} Qg2+ {[%clk 0:03:54]} 0-1